| 000 | 00762nam a2200253Ia 4500 | ||
|---|---|---|---|
| 003 | OSt | ||
| 005 | 20220928112258.0 | ||
| 006 | a|||||r|||| 00| 0 | ||
| 007 | ta | ||
| 008 | 220927b |||||||| |||| 00| 0 eng d | ||
| 020 | _cEURO 94.99 | ||
| 024 | _a134475 | ||
| 037 |
_b207, 11/03/2017, Total Books India _cTextual |
||
| 040 |
_aSDCL _cSDCL _beng |
||
| 041 |
_2eng _aeng |
||
| 082 | _aB28931, Q6 | ||
| 100 |
_aZaslavski alexander J. _9427140 |
||
| 245 | 0 | _aNumerical optimization with computational errors | |
| 260 |
_aSwitzerland _bSpringer _c2016 |
||
| 300 |
_aix,304p. _ccm. |
||
| 650 | _aMathematics | ||
| 942 |
_hB28931, Q6 _cTEXL _2CC |
||
| 999 |
_c743998 _d743998 |
||